000 00545nam a22001937a 4500
999 _c6982
_d6982
003 OSt
005 20210601151122.0
008 210601b ||||| |||| 00| 0 eng d
020 _a0750633840
040 _cDDC
082 _a578.77LAL 1997
100 _aLAlli,M.Carol;
_914337
245 _aBiological Oceanography
_bLALli M,Carol,Parsons,R.Timothy;
260 _aAmsterdam,
_bElsevier,
_c1997.
300 _aix,314p;
_bill;
_c25cm.
504 _aincludes questions and answers, glossary and index,
650 _2Biology
942 _2ddc
_cO_SHELF